000 00381nam a2200133 a 4500
005 20140414093834.0
008 030610s19uu xx 00 eng d
050 _aCDR 610
_bULT 1996
245 _aThe ultimate human body 2.0 :
_bnow with interactive 3D models!.
650 _aMedical Sciences
_xInteractive Videos.
650 _aHuman anatomy.
942 _cAVM
999 _c108934
_d108934